000 00547nam a2200181Ia 4500
008 151018s9999 xx 000 0 und d
082 _bRBASDV4345
_a891.463
100 _aवि वा भिडे
245 _aपण तिसरा कोण
250 _b1
260 _bभा गो ग्रंथमाला
_c1927
300 _a357
600 _aवि वा भिडे
630 _aपण तिसरा कोण
700 _aवि वा भिडे
730 _aपण तिसरा कोण
942 _cBOOK
999 _c1006745
_d1006742